Economic and social impacts of immigration: a research report prepared for the Economic Council of Canada (Record no. 1426)
[ view plain ]
| 000 -LEADER | |
|---|---|
| fixed length control field | 00558nam a2200157Ia 4500 |
| 020 ## - INTERNATIONAL STANDARD BOOK NUMBER | |
| ISBN | 0-660-13955-3 |
| 082 ## - DEWEY DECIMAL CLASSIFICATION NUMBER | |
| Classification number | 325.71 ECO; |
| 245 #0 - TITLE STATEMENT | |
| Title | Economic and social impacts of immigration: a research report prepared for the Economic Council of Canada |
| 260 ## - PUBLICATION, DISTRIBUTION, ETC. (IMPRINT) | |
| Place of publication | Ottawa |
| Name of publisher | Minister of Supply and Services |
| Year of publication | 1991 |
| 300 ## - PHYSICAL DESCRIPTION | |
| Number of Pages | x, 166p. |
| 650 ## - SUBJECT ADDED ENTRY--TOPICAL TERM | |
| Topical Term | Canada - Emigration and immigration - Economic aspects |
| 650 ## - SUBJECT ADDED ENTRY--TOPICAL TERM | |
| Topical Term | Canada - Emigration and immigration |
| 650 ## - SUBJECT ADDED ENTRY--TOPICAL TERM | |
| Topical Term | Canada - Emigration and immigration - Social aspects |
| 700 ## - ADDED ENTRY--PERSONAL NAME | |
| Personal name | Swan, Neil |
| 942 ## - ADDED ENTRY ELEMENTS (KOHA) | |
| Koha item type | Books |
| Withdrawn status | Lost status | Damaged status | Not for loan | Home library | Current library | Date acquired | Bill Date | Full call number | Accession Number | Price effective from | Koha item type |
|---|---|---|---|---|---|---|---|---|---|---|---|
| NASSDOC Library | NASSDOC Library | 08/06/2004 | 2008-12-30 | 325.71 ECO; | 31294 | 18/04/2019 | Books |
